[Event "IX EICC"]
[Site "Plovdiv BUL"]
[Date "2008.04.24"]
[Round "4"]
[White "Mastrovasilis,D"]
[Black "Todorovic,J"]
[Result "1/2-1/2"]
[WhiteElo "2580"]
[BlackElo "2406"]
[EventDate "2008.04.21"]

1. e4 c5 2. Nf3 d6 3. d4 cxd4 4. Nxd4 Nf6 5. f3 Nc6 6. c4 g6 7. Nc3 Bg7 8.
Be3 O-O 9. Qd2 Bd7 10. Be2 Nxd4 11. Bxd4 a5 12. O-O a4 13. b4 axb3 14. axb3
Be6 15. Bf2 Qd7 16. Rfd1 Rfc8 17. Rac1 Qd8 18. Nb5 Nd7 19. b4 Ne5 20. c5
Ra2 21. Qe3 Qf8 22. cxd6 Rxc1 23. Rxc1 exd6 24. Nd4 Bh6 25. f4 Bg4 26. Bf1
Bd7 27. h3 Qd8 28. Qg3 Nc6 29. Nf5 Bxf5 30. exf5 Qf6 31. b5 Ne7 32. Qh4
Qxh4 33. Bxh4 Bxf4 34. Rc7 Nxf5 35. Bf6 Be3+ 36. Kh2 Bf4+ 37. Kg1 Be3+ 38.
Kh2 Bf4+ 39. Kg1 1/2-1/2

[Event "IX EICC"]
[Site "Plovdiv BUL"]
[Date "2008.04.24"]
[Round "4"]
[White "Pileckis,E"]
[Black "Lopez Martinez,Josep"]
[Result "1/2-1/2"]
[WhiteElo "2403"]
[BlackElo "2576"]
[EventDate "2008.04.21"]

1. Nf3 f5 2. d4 Nf6 3. g3 g6 4. Bg2 Bg7 5. O-O O-O 6. Nbd2 Nc6 7. c3 e6 8.
b4 a6 9. a4 Ne4 10. Qb3 d5 11. e3 Kh8 12. Ba3 b5 13. Bb2 Rb8 14. axb5 axb5
15. Rad1 g5 16. Ne1 g4 17. f3 gxf3 18. Ndxf3 Nd6 19. Nd3 Nc4 20. Rfe1 Bd7
21. Nf4 Ra8 22. Nd2 Qe7 23. Qc2 Qd6 24. Re2 Ne7 25. Rf1 c6 26. Bc1 Ra7 27.
Nb3 Ng8 28. Nh5 Bh6 29. Nc5 Be8 30. Nf4 Re7 31. Ref2 e5 32. dxe5 Rxe5 33.
g4 Nf6 34. h3 fxg4 35. e4 g3 36. Re2 Nxe4 37. Nxe4 dxe4 38. Rxe4 Bg7 39.
Rxe5 Qxe5 40. Ne2 Rxf1+ 41. Bxf1 Ne3 42. Qd3 Nxf1 43. Kxf1 Qf6+ 44. Bf4 Bh5
45. Qxg3 Qf5 46. Nd4 Qb1+ 47. Kg2 h6 48. Qe3 Kh7 49. Kg3 Bf7 50. Be5 Bxe5+
51. Qxe5 Qg1+ 52. Kh4 Qf2+ 53. Kg4 Qg2+ 54. Kh4 Qf2+ 55. Kg4 Qg2+ 1/2-1/2

[Event "IX EICC"]
[Site "Plovdiv BUL"]
[Date "2008.04.24"]
[Round "4"]
[White "Novikov,St1"]
[Black "Marholev,D"]
[Result "0-1"]
[WhiteElo "2564"]
[BlackElo "2400"]
[EventDate "2008.04.21"]

1. e4 e5 2. Nf3 Nc6 3. Bc4 Nf6 4. d3 h6 5. O-O d6 6. a4 g6 7. a5 a6 8. c3
Bg7 9. Qb3 O-O 10. Re1 b5 11. axb6 cxb6 12. Qc2 Bb7 13. Be3 b5 14. Ba2 Kh7
15. Nbd2 Ng4 16. h3 Nxe3 17. fxe3 Qc7 18. Rac1 f5 19. exf5 gxf5 20. d4 Ne7
21. Rf1 e4 22. Nh4 d5 23. Nb3 Bf6 24. Qf2 Bg5 25. Nc5 Rf6 26. Kh1 Raf8 27.
g3 Bxh4 28. gxh4 f4 29. Qh2 Bc8 30. exf4 Rxf4 31. Rf2 Qd6 32. Rg1 Qf6 33.
Rxf4 Qxf4 34. Qg2 Rg8 35. Qf1 Rxg1+ 36. Kxg1 Qxf1+ 37. Kxf1 Bxh3+ 38. Kf2
Bc8 39. b3 Kg6 40. c4 Kf5 41. cxd5 Nxd5 42. Bb1 Nc3 43. Nxe4 Nxe4+ 44. Ke3
Bb7 45. b4 Bd5 46. h5 a5 47. bxa5 b4 48. a6 b3 49. a7 b2 50. Ba2 Bxa2 51.
a8=Q b1=Q 52. Qa5+ Kg4 53. d5 Qb3+ 54. Kxe4 Qxd5+ 55. Qxd5 Bxd5+ 56. Kxd5
Kxh5 57. Ke4 Kg4 0-1

[Event "IX EICC"]
[Site "Plovdiv BUL"]
[Date "2008.04.24"]
[Round "4"]
[White "Marin,Mi"]
[Black "Ris,R"]
[Result "1-0"]
[WhiteElo "2556"]
[BlackElo "2395"]
[EventDate "2008.04.21"]

1. c4 Nf6 2. Nc3 d5 3. cxd5 Nxd5 4. g3 g6 5. Bg2 Nb6 6. d3 Bg7 7. Be3 Nc6
8. Rc1 Nd4 9. Qd2 c6 10. Bh6 O-O 11. Bxg7 Kxg7 12. e3 Nf5 13. Nf3 f6 14. d4
h5 15. h4 Nh6 16. O-O Bg4 17. Qc2 Nf7 18. Ne2 e5 19. dxe5 Bxf3 20. Bxf3
Nxe5 21. Be4 f5 22. Nf4 Qf6 23. Bg2 Rad8 24. Rcd1 Kh6 25. Rd4 Rxd4 26. exd4
Ng4 27. Re1 Qf7 28. Qd2 Re8 29. Ne6+ f4 30. Nxf4 Rxe1+ 31. Qxe1 Nd5 32.
Bxd5 cxd5 33. Qe6 Qxe6 34. Nxe6 Nf6 35. f3 Kh7 36. Kf2 Kg8 37. Ke3 b6 38.
Kf4 Kf7 39. Nd8+ Ke8 40. Nc6 1-0

[Event "IX EICC"]
[Site "Plovdiv BUL"]
[Date "2008.04.24"]
[Round "4"]
[White "Popovic,Milo2"]
[Black "Cao Sang"]
[Result "1/2-1/2"]
[WhiteElo "2387"]
[BlackElo "2535"]
[EventDate "2008.04.21"]

1. d4 e6 2. Nf3 Nf6 3. Bg5 c5 4. e4 cxd4 5. e5 h6 6. Bh4 g5 7. exf6 gxh4 8.
Qxd4 Nc6 9. Qxh4 Qb6 10. Nbd2 Qxb2 11. Rb1 Qxc2 12. Be2 Rg8 13. g3 Qf5 14.
Qa4 Rg4 15. Qd1 Rb4 16. Rc1 d5 17. O-O Qxf6 18. Nb3 Bd7 19. a3 Rb6 20. a4
Ba3 21. Ra1 Bd6 22. a5 Rb4 23. a6 bxa6 24. Rxa6 Rab8 25. Na5 Nxa5 26. Rxd6
Qc3 27. Ra6 Nc6 28. Ra1 Rb2 29. Rc1 Qb3 30. Qe1 Rc2 31. Rxc2 Qxc2 32. Bd1
Qe4 33. Qd2 Rb1 34. Re1 Qf5 35. Kg2 Rb4 36. Qxh6 Ke7 37. Qd2 d4 38. Ne5 a5
39. Bg4 Qxe5 40. Rxe5 Nxe5 41. Bd1 Bc6+ 42. f3 f6 43. h4 Ng4 44. Be2 Ne5
45. h5 d3 46. Bd1 Rb1 47. Kh3 Rxd1 48. Qxd1 Bxf3 49. Qd2 Bxh5 50. Qxa5 Bg4+
51. Kg2 Kf7 52. Qd8 Bf5 53. Kf2 Ng4+ 54. Kf3 e5 55. Qb8 e4+ 56. Kf4 d2 57.
Qd8 Be6 58. Qxd2 e3 59. Qd6 e2 60. Qd2 Ne5 61. Qxe2 Kg7 1/2-1/2

[Event "IX EICC"]
[Site "Plovdiv BUL"]
[Date "2008.04.24"]
[Round "4"]
[White "Rusev,K"]
[Black "Filev,G"]
[Result "1/2-1/2"]
[WhiteElo "2516"]
[BlackElo "2392"]
[EventDate "2008.04.21"]

1. d4 d5 2. Nf3 c5 3. c4 e6 4. cxd5 exd5 5. g3 Nc6 6. Bg2 Nf6 7. O-O Be7 8.
Nc3 O-O 9. b3 Ne4 10. Bb2 Bf6 11. Na4 Re8 12. Rc1 cxd4 13. Nxd4 Bd7 14. e3
Rc8 15. Nc5 Nxd4 16. Bxd4 Nxc5 17. Bxc5 b6 18. Bd4 Rxc1 19. Qxc1 Bxd4 20.
exd4 Bf5 21. Re1 Rxe1+ 22. Qxe1 Be6 23. Qe5 g6 24. h4 h5 25. Kh2 Kh7 26. b4
Qh8 27. Qf4 Qd8 28. b5 Kg7 29. Kg1 Qf6 30. Qe3 Qd8 31. a4 Qc7 32. Kh2 Kh7
33. Qg5 Qc2 34. Qf6 Qxa4 35. Bh3 Qxb5 36. Bxe6 fxe6 37. Qf7+ Kh8 38. Qxe6
Qf1 39. Qe5+ Kh7 40. Qc7+ Kh6 41. Qf4+ Kg7 42. Qe5+ Kh7 43. Qe7+ Kg8 44.
Qd8+ Kg7 45. Qc7+ Kh6 46. Qf4+ 1/2-1/2

[Event "IX EICC"]
[Site "Plovdiv BUL"]
[Date "2008.04.24"]
[Round "4"]
[White "Nanu,C"]
[Black "Moor,R"]
[Result "1-0"]
[WhiteElo "2515"]
[BlackElo "2378"]
[EventDate "2008.04.21"]

1. d4 Nf6 2. Nf3 g6 3. Nbd2 c5 4. dxc5 Qa5 5. a3 Qxc5 6. b4 Qc7 7. Bb2 Bg7
8. e3 O-O 9. Be2 b6 10. O-O Bb7 11. c4 d6 12. Rc1 Nbd7 13. Qb3 Rac8 14.
Rfd1 Rfd8 15. h3 Qb8 16. Nd4 Ne4 17. Nf1 Nef6 18. Bf3 Bxf3 19. Nxf3 a6 20.
Nd4 Qb7 21. b5 Re8 22. Ng3 Nc5 23. Qa2 d5 24. cxd5 Qxd5 25. Qb1 Qb7 26. Ba1
axb5 27. Qxb5 Red8 28. Rb1 Nce4 29. Nge2 Rd5 30. Qb4 Nd6 31. Rdc1 Rxc1+ 32.
Rxc1 Nfe4 33. f3 Nc5 34. Rb1 e5 35. Nb5 Nxb5 36. Qxb5 Nd7 37. Qb3 Bf8 38.
Ng3 Nc5 39. Qc4 Bg7 40. Nf1 Qc6 41. Rxb6 Qxb6 42. Qxd5 Qc7 43. Qa8+ Bf8 44.
Qe8 Nb3 45. Bb2 Qc5 46. a4 1-0

[Event "IX EICC"]
[Site "Plovdiv BUL"]
[Date "2008.04.24"]
[Round "4"]
[White "Vehi Bach,V"]
[Black "Carlsson,P"]
[Result "1/2-1/2"]
[WhiteElo "2381"]
[BlackElo "2514"]
[EventDate "2008.04.21"]

1. e4 c5 2. Nf3 d6 3. d4 cxd4 4. Nxd4 Nf6 5. Nc3 a6 6. Be3 e5 7. Nb3 Be7 8.
Be2 Be6 9. Nd5 Nbd7 10. Qd3 O-O 11. a4 Bxd5 12. exd5 Nc5 13. Nxc5 dxc5 14.
c4 e4 15. Qd2 Bd6 16. O-O Qc7 17. g3 Nd7 18. f4 exf3 19. Bxf3 Rae8 20. Rae1
Ne5 21. b3 Ng6 22. Bf2 Ne5 23. Be3 Ng6 24. Bf2 a5 25. Rxe8 Rxe8 26. Re1
Rxe1+ 27. Bxe1 b6 28. Qe2 Ne5 29. Bc3 Qe7 30. Bxe5 Bxe5 31. Be4 g6 32. Kg2
Kg7 33. Qf3 Qg5 34. Bd3 Qf6 35. Be4 h5 36. Qd1 Bd6 37. Qf3 Qe5 38. Qe2 Qg5
39. Bd3 Qe5 1/2-1/2

[Event "IX EICC"]
[Site "Plovdiv BUL"]
[Date "2008.04.24"]
[Round "4"]
[White "Czebe,A"]
[Black "Pesotsky,V"]
[Result "1-0"]
[WhiteElo "2513"]
[BlackElo "2371"]
[EventDate "2008.04.21"]

1. e4 Nf6 2. e5 Nd5 3. c4 Nb6 4. d4 d6 5. exd6 cxd6 6. d5 e5 7. Nc3 Bf5 8.
f4 N8d7 9. Nf3 Rc8 10. b3 Qf6 11. Be2 exf4 12. Nd4 Qh4+ 13. Kf1 Bg6 14. Qd2
Qd8 15. Qxf4 Be7 16. h4 Ne5 17. Rh3 h5 18. Kg1 Nbd7 19. Bd2 Ng4 20. Ncb5
Nde5 21. Nxa7 Ra8 22. Nab5 O-O 23. Be1 Bf6 24. a4 Qe7 25. Qd2 Nd7 26. Bxg4
hxg4 27. Re3 Ne5 28. Bg3 Bxh4 29. Nxd6 Bxg3 30. N6f5 Bxf5 31. Nxf5 Qf6 32.
Nxg3 Nf3+ 33. gxf3 Qxa1+ 34. Re1 Qf6 35. fxg4 Rae8 36. Rf1 Qb6+ 37. Kg2
Qxb3 38. Qd4 Qxa4 39. Nf5 f6 40. d6 Qc2+ 41. Kg3 Qe4 42. c5 Qxd4 43. Nxd4
Rf7 44. Ra1 Rc8 45. Ra5 Rd7 46. Nf5 Kf7 47. Ne7 Re8 48. Rb5 Ke6 49. Kf4 Ra8
50. Rb4 g5+ 51. Ke4 Ra1 52. Kd3 Rc1 53. Rb5 Rg1 54. Nf5 Rxg4 55. Nd4+ Kf7
56. Rb1 Rh4 57. Kc4 Re4 58. Rh1 Kg6 59. Rh8 g4 60. Kd3 Re5 61. Kc4 f5 62.
Rg8+ Kf7 63. Rh8 Kf6 64. Rg8 Rf7 65. Nb5 Re1 66. Nc7 Rc1+ 67. Kb5 Ke5 68.
Re8+ Kf6 69. Nd5+ Kg7 70. Ne7 Rb1+ 71. Ka5 Rd1 72. Kb6 Rf8 73. Rxf8 Kxf8
74. Nxf5 Ke8 75. Kxb7 Rd5 76. c6 Rxf5 77. c7 Rb5+ 78. Kc6 Rc5+ 79. Kxc5 Kd7
80. Kd4 g3 81. Ke3 g2 82. Kf2 1-0

[Event "IX EICC"]
[Site "Plovdiv BUL"]
[Date "2008.04.24"]
[Round "4"]
[White "Nestorovic,N"]
[Black "Tukhaev,A"]
[Result "1-0"]
[WhiteElo "2381"]
[BlackElo "2512"]
[EventDate "2008.04.21"]

1. e4 c5 2. Nf3 d6 3. d4 cxd4 4. Nxd4 Nf6 5. Nc3 a6 6. Be3 e6 7. g4 e5 8.
Nf5 h5 9. g5 Nxe4 10. Nxg7+ Bxg7 11. Nxe4 d5 12. Ng3 d4 13. Bd2 h4 14. Nh5
Qd5 15. Nxg7+ Kf8 16. f3 Kxg7 17. Bd3 Nd7 18. c4 Qd6 19. b4 a5 20. a3 axb4
21. axb4 Rxa1 22. Qxa1 b6 23. Qa8 Nb8 24. Qe4 Nc6 25. O-O Ne7 26. f4 Bf5
27. Qe2 Kg6 28. fxe5 Qe6 29. Qg4 h3 30. Qxd4 Kg7 31. Be2 Ra8 32. Bf3 Ra2
33. Bd5 Qg6 34. e6+ f6 35. Ra1 Rxa1+ 36. Qxa1 Nxd5 37. cxd5 Be4 38. Qa7+
Kg8 39. Qb8+ Kh7 40. Qc7+ Kg8 41. Qd8+ Kh7 42. Qd7+ 1-0

[Event "IX EICC"]
[Site "Plovdiv BUL"]
[Date "2008.04.24"]
[Round "4"]
[White "Mateuta,G"]
[Black "Mihok,O"]
[Result "1-0"]
[WhiteElo "2504"]
[BlackElo "2352"]
[EventDate "2008.04.21"]

1. d4 Nf6 2. Nf3 e6 3. g3 b5 4. Bg2 Bb7 5. O-O c5 6. c3 Be7 7. Bg5 Qb6 8.
Qd3 Na6 9. Nbd2 d5 10. a3 c4 11. Qc2 Nb8 12. Ne5 h6 13. Be3 O-O 14. f4 Nc6
15. Kh1 Qc7 16. Bg1 a5 17. g4 Nh7 18. h3 Nxe5 19. dxe5 b4 20. Nf3 Rfe8 21.
Nd4 Bf8 22. Bh2 Bc5 23. e3 Bc6 24. h4 bxa3 25. bxa3 Rab8 26. f5 Bxd4 27.
exd4 Rb3 28. Qd2 Reb8 29. g5 Qe7 30. f6 Qf8 31. g6 fxg6 32. Bh3 Bd7 33. Rg1
Qf7 34. Rgf1 Nf8 35. fxg7 Qxg7 36. Bf4 Rb2 37. Qe3 g5 38. hxg5 h5 39. g6
Rc2 40. Bh6 Rxc3 41. Qxc3 Qxh6 42. Qf3 Be8 43. g7 1-0

[Event "IX EICC"]
[Site "Plovdiv BUL"]
[Date "2008.04.24"]
[Round "4"]
[White "Kosic,D"]
[Black "Kukov,V"]
[Result "1/2-1/2"]
[WhiteElo "2500"]
[BlackElo "2365"]
[EventDate "2008.04.21"]

1. d4 d5 2. Nf3 Nf6 3. c4 c6 4. e3 e6 5. Bd3 Nbd7 6. O-O Bd6 7. Nbd2 O-O 8.
e4 dxe4 9. Nxe4 Nxe4 10. Bxe4 Nf6 11. Bc2 c5 12. dxc5 Bxc5 13. Qe2 b6 14.
Bd2 Bb7 15. Bc3 Qc7 16. Ne5 Rfd8 17. Rad1 Rxd1 18. Rxd1 Rd8 19. Rxd8+ Qxd8
20. b4 Bd6 21. f3 Qc7 22. Qd3 Kf8 23. Qd4 Ke7 24. Bb3 h6 25. h4 h5 26. a3
Ne8 27. Qe3 Kf8 28. Bd4 Be7 29. c5 bxc5 30. Bxc5 Bxc5 31. bxc5 Qa5 32. Nxf7
Qxa3 33. Ng5 Bc8 34. Kh2 Qb4 35. Kg3 Nc7 36. Ne4 e5 37. Nd6 Be6 38. Bxe6
Qf4+ 39. Qxf4+ exf4+ 40. Kxf4 Nxe6+ 41. Kf5 Nxc5 42. g4 hxg4 43. fxg4 a5
44. Nc4 a4 45. h5 Nd7 1/2-1/2

[Event "IX EICC"]
[Site "Plovdiv BUL"]
[Date "2008.04.24"]
[Round "4"]
[White "Colovic,A"]
[Black "Beckhuis,G"]
[Result "0-1"]
[WhiteElo "2493"]
[BlackElo "2350"]
[EventDate "2008.04.21"]

1. e4 e5 2. Nf3 Nc6 3. Bb5 a6 4. Ba4 Nf6 5. O-O Be7 6. Re1 b5 7. Bb3 O-O 8.
c3 d5 9. d4 exd4 10. e5 Ne4 11. cxd4 Bf5 12. Nc3 Nxc3 13. bxc3 Qd7 14. Bg5
Ba3 15. Bc1 Be7 16. Bg5 Ba3 17. Qe2 Na5 18. Nh4 Bg4 19. Qe3 Rfe8 20. Bc2 f6
21. Qd3 fxg5 22. Qxh7+ Kf7 23. Nf5 Bf8 24. h3 Bxf5 25. Bxf5 Re6 26. Qh5+ g6
27. Bxg6+ Kg8 28. Bf5 Rh6 29. Qg4 Qe7 30. f4 Rh4 31. Be6+ Kh8 32. Qxg5 Qxg5
33. fxg5 c6 34. g3 Rh7 35. Rf1 Nc4 36. Rf2 Re7 37. Bf5 a5 38. h4 b4 39. Bd3
c5 40. Rc1 bxc3 41. Bxc4 dxc4 42. d5 Bg7 43. Kg2 Bxe5 44. Re2 Rb8 45. Rxc3
Bxc3 46. Rxe7 Rd8 47. g6 Rxd5 48. Rh7+ Kg8 49. h5 Rg5 50. Kh3 Bd2 51. Rd7
Rxh5+ 52. Kg4 Rg5+ 53. Kh4 c3 0-1

[Event "IX EICC"]
[Site "Plovdiv BUL"]
[Date "2008.04.24"]
[Round "4"]
[White "Atakisi,U"]
[Black "Vavrak,P"]
[Result "1/2-1/2"]
[WhiteElo "2365"]
[BlackElo "2466"]
[EventDate "2008.04.21"]

1. e4 c5 2. Nf3 Nc6 3. d4 cxd4 4. Nxd4 g6 5. Nc3 Bg7 6. Be3 Nf6 7. Bc4 Qa5
8. O-O O-O 9. Nb3 Qc7 10. f4 d6 11. Be2 Bd7 12. Nd5 Nxd5 13. exd5 Na5 14.
Nxa5 Qxa5 15. c3 Bb5 16. Rf2 Bxe2 17. Rxe2 Rfc8 18. Bd4 Bxd4+ 19. Qxd4 Rc7
20. a3 Qc5 21. Qxc5 dxc5 22. c4 Rd8 23. Rae1 Kf8 24. a4 Rd6 25. Re3 Rb6 26.
b3 Rd7 27. Kf2 e6 28. dxe6 fxe6 29. Ke2 Rbd6 30. Kf3 Kf7 31. Re5 b6 32.
R1e3 Rc6 33. g4 Kf6 34. h4 Rd1 35. h5 Rf1+ 36. Kg3 Rg1+ 37. Kf3 Rf1+ 38.
Kg3 Rg1+ 39. Kf3 1/2-1/2

[Event "IX EICC"]
[Site "Plovdiv BUL"]
[Date "2008.04.24"]
[Round "4"]
[White "Bakalarz,M"]
[Black "Jakovljevic,Vlado"]
[Result "0-1"]
[WhiteElo "2361"]
[BlackElo "2463"]
[EventDate "2008.04.21"]

1. d4 Nf6 2. Nf3 g6 3. c4 Bg7 4. Nc3 d5 5. cxd5 Nxd5 6. e4 Nxc3 7. bxc3 O-O
8. Be3 c5 9. Qd2 Qa5 10. Rb1 b6 11. Bd3 Ba6 12. Bxa6 Nxa6 13. O-O cxd4 14.
cxd4 Qxd2 15. Nxd2 f5 16. f3 Rad8 17. Nb3 fxe4 18. fxe4 Rxf1+ 19. Kxf1 Nb4
20. Bd2 Nc2 21. d5 Rc8 22. Ke2 Nd4+ 23. Nxd4 Bxd4 24. Kd3 Be5 25. h3 Kf7
26. a4 Rc5 27. Rb5 Rc8 28. a5 Bc7 29. axb6 Bxb6 30. e5 Rc5 31. Rxc5 Bxc5
32. Be3 Bxe3 33. Kxe3 Ke8 34. Kd4 Kd7 35. Kc5 Kc7 36. Kb5 Kb7 37. Kc5 a6
38. d6 Kc8 39. dxe7 Kd7 40. Kb6 Kxe7 41. Kxa6 Ke6 0-1

[Event "IX EICC"]
[Site "Plovdiv BUL"]
[Date "2008.04.24"]
[Round "4"]
[White "Van Beek,Al"]
[Black "Magalashvili,Da"]
[Result "1/2-1/2"]
[WhiteElo "2343"]
[BlackElo "2462"]
[EventDate "2008.04.21"]

1. e4 c5 2. Nf3 d6 3. d4 cxd4 4. Nxd4 Nf6 5. Nc3 a6 6. Be3 e5 7. Nf3 Qc7 8.
a4 Be7 9. a5 Nbd7 10. Nd2 b5 11. axb6 Nxb6 12. Be2 O-O 13. Bxb6 Qxb6 14.
Nc4 Qc7 15. Ne3 Bb7 16. Ra4 Bc6 17. Rc4 Qd7 18. Ncd5 Nxd5 19. Nxd5 Bd8 20.
O-O a5 21. Rc3 a4 22. Bc4 Bb5 23. Qe2 Rb8 24. b4 Bc6 25. Rg3 Kh8 26. Rb1
Bxd5 27. Bxd5 Bb6 28. Ra1 f5 29. Rf3 g6 30. exf5 Rxf5 31. Rxf5 gxf5 32. Qa6
Qe7 33. Qxa4 e4 34. Qc6 e3 35. Qc3+ Qe5 36. Qxe5+ dxe5 37. c4 Bd4 38. Rb1
e2 39. Re1 Rxb4 40. g3 Rb2 41. Bf3 Bc5 42. Rxe2 Rxe2 43. Bxe2 e4 44. Kf1
Kg7 45. f3 exf3 46. Bxf3 Kg6 47. Ke2 h5 48. Kd3 1/2-1/2

[Event "IX EICC"]
[Site "Plovdiv BUL"]
[Date "2008.04.24"]
[Round "4"]
[White "Sanduleac,V"]
[Black "Ramesa,D"]
[Result "1-0"]
[WhiteElo "2461"]
[BlackElo "2321"]
[EventDate "2008.04.21"]

1. e4 c5 2. Nf3 e6 3. Qe2 Nc6 4. g3 g6 5. Bg2 Bg7 6. O-O Nge7 7. c3 O-O 8.
d3 b6 9. a3 Qc7 10. Re1 d6 11. Nbd2 h6 12. Rb1 e5 13. b4 Be6 14. Bb2 f5 15.
exf5 gxf5 16. b5 Na5 17. c4 Ng6 18. Nh4 Nxh4 19. Bxa8 Rxa8 20. Qh5 Rf8 21.
f4 Ng6 22. Qxg6 Bf7 23. Qxf5 Bxc4 24. Qe4 Ba2 25. Ra1 Qf7 26. Rf1 Bd5 27.
Qe2 Qg6 28. fxe5 Re8 29. Rae1 dxe5 30. Bc3 Nb3 31. Ne4 Be6 32. Rf2 Re7 33.
Ref1 Bf7 34. Nf6+ Kh8 35. Qf3 Bxf6 36. Qxf6+ Qxf6 37. Rxf6 1-0

[Event "IX EICC"]
[Site "Plovdiv BUL"]
[Date "2008.04.24"]
[Round "4"]
[White "Grigorov,G"]
[Black "Koepke,C"]
[Result "1/2-1/2"]
[WhiteElo "2456"]
[BlackElo "2296"]
[EventDate "2008.04.21"]

1. d4 Nf6 2. c4 c5 3. d5 b5 4. cxb5 a6 5. bxa6 g6 6. Nc3 Bxa6 7. g3 d6 8.
Bg2 Bg7 9. Nf3 Nbd7 10. Rb1 Qa5 11. Bd2 O-O 12. O-O Rfb8 13. Qc2 Qc7 14. b3
Nb6 15. Nh4 Qb7 16. Rfd1 Nfxd5 17. Nxd5 Nxd5 18. Be1 e6 19. a3 Qe7 20. Nf3
1/2-1/2

[Event "IX EICC"]
[Site "Plovdiv BUL"]
[Date "2008.04.24"]
[Round "4"]
[White "Badev,K"]
[Black "Margvelashvili,G"]
[Result "0-1"]
[WhiteElo "2311"]
[BlackElo "2455"]
[EventDate "2008.04.21"]

1. e4 c6 2. d4 d5 3. Nc3 dxe4 4. Nxe4 Bf5 5. Ng3 Bg6 6. h4 h6 7. Nf3 Nd7 8.
h5 Bh7 9. Bd3 Bxd3 10. Qxd3 e6 11. Bd2 Qc7 12. O-O-O O-O-O 13. Ne4 Ngf6 14.
g3 Nxe4 15. Qxe4 Nf6 16. Qe2 Bd6 17. c4 c5 18. Bc3 cxd4 19. Nxd4 a6 20. Kb1
Rd7 21. Rc1 Kb8 22. Nb3 Qc6 23. c5 Bc7 24. Rh4 Rhd8 25. Rc4 Rd3 26. Be5
Bxe5 27. Qxe5+ Kc8 28. Qe1 Qb5 29. Rf4 R3d5 30. g4 e5 31. Rf3 e4 32. Rfc3
Rd3 33. R3c2 Re8 34. Na5 Re6 35. Nc4 Kb8 36. Nd6 Qc6 37. Qa5 Qc7 38. Qb4
Rd5 39. Nf5 a5 40. Qc4 Qd7 41. Nxg7 Rc6 42. Nf5 Rdxc5 43. Qxc5 Rxc5 44.
Rxc5 Nxg4 45. a4 Nxf2 46. R1c4 Qd1+ 47. Ka2 Nd3 48. Rc8+ Ka7 49. Ne3 Qd2
50. Nc2 Qc1 0-1

[Event "IX EICC"]
[Site "Plovdiv BUL"]
[Date "2008.04.24"]
[Round "4"]
[White "Kanakaris,G"]
[Black "Sarakauskas,G"]
[Result "0-1"]
[WhiteElo "2300"]
[BlackElo "2449"]
[EventDate "2008.04.21"]

1. d4 g6 2. c4 Bg7 3. Nc3 c5 4. d5 Bxc3+ 5. bxc3 f5 6. h4 Nf6 7. Nf3 Qa5 8.
Qb3 d6 9. Bd2 Nbd7 10. e3 Nb6 11. Ng5 h6 12. Nh3 g5 13. Ng1 Rg8 14. hxg5
hxg5 15. Bd3 Qa6 16. a4 Nbxd5 17. Qc2 Nb6 18. Bxf5 Bxf5 19. Qxf5 Qxc4 20.
Nf3 Nxa4 21. Nxg5 Nxc3 22. Bxc3 Qxc3+ 23. Ke2 Qc4+ 24. Ke1 Qd5 25. Qxd5
Nxd5 26. Ke2 Kd7 27. f4 a5 28. Rh7 b5 0-1

[Event "IX EICC"]
[Site "Plovdiv BUL"]
[Date "2008.04.24"]
[Round "4"]
[White "Dinev,De"]
[Black "Collas,D"]
[Result "1/2-1/2"]
[WhiteElo "2298"]
[BlackElo "2446"]
[EventDate "2008.04.21"]

1. e4 c5 2. Nf3 d6 3. d4 Nf6 4. Nc3 cxd4 5. Nxd4 a6 6. Be2 e5 7. Nb3 Be7 8.
O-O O-O 9. Kh1 Nc6 10. f4 b5 11. a4 b4 12. Nd5 Nxe4 13. Bf3 f5 14. Nxe7+
Nxe7 15. fxe5 dxe5 16. Qxd8 Rxd8 17. Bxe4 fxe4 18. Bg5 Re8 19. Rae1 Bb7 20.
Nc5 Bc6 21. Nxe4 h6 22. Bd2 Nd5 23. b3 Rad8 24. Bc1 Kh7 25. Nc5 a5 26. Kg1
Nf6 27. Nd3 e4 28. Nb2 Bd5 29. Nd1 Rc8 30. Be3 Be6 31. h3 Kg6 32. Nb2 Red8
33. Rf2 h5 1/2-1/2

[Event "IX EICC"]
[Site "Plovdiv BUL"]
[Date "2008.04.24"]
[Round "4"]
[White "Zherebukh,Y"]
[Black "Logothetis,S"]
[Result "1/2-1/2"]
[WhiteElo "2446"]
[BlackElo "2291"]
[EventDate "2008.04.21"]

1. e4 c5 2. Nf3 Nc6 3. d4 cxd4 4. Nxd4 Nf6 5. Nc3 d6 6. f3 e5 7. Nb3 Be7 8.
Be3 Be6 9. Qd2 d5 10. exd5 Nxd5 11. Nxd5 Qxd5 12. Qxd5 Bxd5 13. O-O-O O-O-O
14. Bd3 Kc7 15. c3 b6 16. Kc2 h5 17. Be4 Bxe4+ 18. fxe4 Rxd1 19. Rxd1 g6
20. Rf1 Rf8 21. Bh6 Rh8 22. Bg7 Rh7 23. Bf6 Kd7 24. Nd2 Ke6 25. Bxe7 Nxe7
26. Rd1 Nc8 27. Nc4 b5 28. Rd8 bxc4 29. Rxc8 f5 30. Rc6+ Kd7 31. Rxc4 fxe4
32. Rxe4 Rf7 33. Kd3 Ke6 34. Ke2 Kf5 35. Rc4 Rd7 36. Rc8 h4 37. c4 Rd4 38.
c5 Ke6 39. a3 a5 40. c6 Rg4 41. Rd8 Rc4 42. Rg8 Kf7 43. Rc8 Ke7 44. Kd3 Rg4
45. b3 Kd6 46. h3 Rxg2 47. Kc4 Rg3 48. b4 Rxa3 49. Kb5 axb4 50. Rd8+ Kc7
51. Rd7+ Kc8 52. Kb6 Rc3 53. Re7 Kd8 54. Rxe5 b3 55. Rb5 b2 56. Rxb2 Kc8
57. Rf2 1/2-1/2

[Event "IX EICC"]
[Site "Plovdiv BUL"]
[Date "2008.04.24"]
[Round "4"]
[White "Haroutjunian,D"]
[Black "Butnorius,A"]
[Result "1/2-1/2"]
[WhiteElo "2293"]
[BlackElo "2442"]
[EventDate "2008.04.21"]

1. d4 Nf6 2. c4 e6 3. Nf3 d5 4. Nc3 Be7 5. Bg5 h6 6. Bh4 O-O 7. e3 b6 8.
Bd3 Bb7 9. O-O Nbd7 10. Qe2 c5 11. Rfd1 Ne4 12. Bxe7 Qxe7 13. Rac1 Nxc3 14.
Rxc3 dxc4 15. Bxc4 Rac8 16. Ba6 1/2-1/2

[Event "IX EICC"]
[Site "Plovdiv BUL"]
[Date "2008.04.24"]
[Round "4"]
[White "Orlov,O2"]
[Black "Baumegger,S"]
[Result "1-0"]
[WhiteElo "2285"]
[BlackElo "2440"]
[EventDate "2008.04.21"]

1. Nf3 c5 2. c4 Nc6 3. Nc3 e5 4. g3 g6 5. Bg2 Bg7 6. O-O Nge7 7. d3 O-O 8.
Ne1 d6 9. Nc2 Be6 10. Ne3 Qd7 11. Ned5 Bh3 12. Ne4 Nxd5 13. cxd5 Ne7 14.
Bxh3 Qxh3 15. Qb3 Qd7 16. a4 Kh8 17. Bg5 f6 18. Bd2 h6 19. Nc3 Nf5 20. e3
h5 21. Qb5 Qe7 22. b4 Rac8 23. Rab1 b6 24. Ne4 Qf7 25. bxc5 dxc5 26. Qb3
Rfd8 27. Nc3 Nd6 28. e4 c4 29. Qc2 f5 30. f3 Qc7 31. Bg5 Rd7 32. Rbc1 Qc5+
33. Kh1 Qd4 34. Rfd1 Rdc7 35. dxc4 Qxc4 36. Qb2 f4 37. Bd8 Nxe4 38. Na2
Qxa4 39. Bxc7 Rxc7 40. fxe4 Qxe4+ 41. Qg2 f3 42. Qf2 Rd7 43. Nc3 Qf5 44.
Qe3 Kh7 45. Qe4 b5 46. Rf1 b4 47. Qxb4 Rf7 48. Qe4 Qg5 49. Rcd1 Rf4 50. Qe3
Qg4 51. Rf2 Rc4 52. Re1 a5 53. Qxf3 Qd4 54. Ne4 a4 55. d6 Kh8 56. Rd1 Qb6
57. d7 Rd4 58. Rxd4 exd4 59. Ng5 1-0

[Event "IX EICC"]
[Site "Plovdiv BUL"]
[Date "2008.04.24"]
[Round "4"]
[White "Bratanov,Z"]
[Black "Mudelsee,M"]
[Result "0-1"]
[WhiteElo "2440"]
[BlackElo "2284"]
[EventDate "2008.04.21"]

1. d4 d5 2. c4 c6 3. Nf3 Nf6 4. e3 e6 5. Bd3 Nbd7 6. O-O Bd6 7. Nbd2 O-O 8.
e4 e5 9. cxd5 cxd5 10. Re1 Re8 11. exd5 exd4 12. Rxe8+ Qxe8 13. Nc4 Bc5 14.
d6 b5 15. Na5 Bxd6 16. Bxb5 Qd8 17. Nc4 Bc5 18. Bf4 Bb7 19. Nxd4 Rc8 20.
Nd6 Bxd6 21. Bxd6 Qb6 22. Ba3 Ne5 23. Nf5 Rd8 24. Qe2 Ne4 25. Rf1 Rd2 26.
Qe3 Qxb5 27. f3 Nc4 28. Ne7+ Kh8 29. Qxa7 Nf6 30. Qb8+ Ne8 31. Re1 Rxg2+
32. Kh1 Re2 0-1

[Event "IX EICC"]
[Site "Plovdiv BUL"]
[Date "2008.04.24"]
[Round "4"]
[White "Kaplan,S"]
[Black "Milovic,J"]
[Result "1-0"]
[WhiteElo "2428"]
[BlackElo "2280"]
[EventDate "2008.04.21"]

1. e4 c5 2. Nf3 Nc6 3. d4 cxd4 4. Nxd4 g6 5. Be2 Bg7 6. Nb3 Nf6 7. Nc3 O-O
8. O-O d6 9. Bg5 Be6 10. Kh1 Rc8 11. f4 Qd7 12. Bf3 Ng4 13. Qd2 Bc4 14.
Rfe1 h6 15. Bh4 b5 16. e5 g5 17. fxg5 Ncxe5 18. Bxg4 Qxg4 19. gxh6 Qxh4 20.
hxg7 Kxg7 21. Nd4 e6 22. b3 Rh8 23. g3 Qg4 24. bxc4 Rxh2+ 25. Kxh2 Rh8+ 26.
Kg1 Rh3 27. Ne4 Rh5 28. Qe2 Qh3 29. Qg2 Qg4 30. Rf1 Ng6 31. Rf4 Nxf4 32.
gxf4 Qxg2+ 33. Kxg2 bxc4 34. Nxd6 Rd5 35. Rd1 c3 1-0

[Event "IX EICC"]
[Site "Plovdiv BUL"]
[Date "2008.04.24"]
[Round "4"]
[White "Hagesaether,A"]
[Black "Grecescu,G"]
[Result "0-1"]
[WhiteElo "2181"]
[BlackElo "2423"]
[EventDate "2008.04.21"]

1. e4 c5 2. Nf3 Nc6 3. d4 cxd4 4. Nxd4 g6 5. Nc3 Bg7 6. Be3 Nf6 7. Be2 O-O
8. Qd2 d5 9. exd5 Nxd5 10. Nxd5 Nxd4 11. Bc4 Nf5 12. O-O-O Nxe3 13. Qxe3 e6
14. Nc3 Qa5 15. Ne4 Qe5 16. c3 b5 17. Bd3 b4 18. Bc2 Qa5 19. Bb3 Bb7 20.
cxb4 Qxb4 21. f3 a5 22. Qd2 Qb6 23. Qd6 Rfc8+ 24. Kb1 Bxe4+ 25. fxe4 Rc6
26. Qe7 a4 27. Rd7 Rf8 28. Rb7 Qd4 29. Bc2 Rxc2 30. Kxc2 Qxe4+ 0-1